The Hollywood musical /

Bibliographic Details
Main Author: Hirschhorn, Clive
Format: Book
Language:English
Published: New York : Crown, 1981.
Subjects:

MARC

Tag First Indicator Second Indicator Subfields
LEADER 00000pam a2200000 a 4500
001 in00000086999
005 20151008064655.0
008 810428s1981 nyua 00110 eng
010 |a  81003122  
020 |a 0517540444 
035 |a (OCoLC)07552491 
035 |9 AAK4602AM 
039 0 |a 2  |b 3  |c 3  |d 3  |e 3 
040 |a DLC  |c DLC  |d TXA  |d UtOrBLW 
043 |a n-us--- 
049 |a TXAM  |c [387947] 
050 0 0 |a PN1995.9.M86  |b H5 1981 
082 0 |a 791.43/09/09357  |2 19 
100 1 |a Hirschhorn, Clive. 
245 1 4 |a The Hollywood musical /  |c Clive Hirschhorn. 
264 1 |a New York :  |b Crown,  |c 1981. 
300 |a 456 pages :  |b illustrations (some color) ;  |c 33 cm. 
336 |a text  |b txt  |2 rdacontent 
337 |a unmediated  |b n  |2 rdamedia 
338 |a volume  |b nc  |2 rdacarrier 
500 |a Includes indexes. 
650 0 |a Musical films  |z United States  |x History and criticism. 
999 |a MARS 
999 f f |s 8cf2409b-c333-37af-a74a-ccafe42d389e  |i 44ec782e-8dea-3bb1-a3b4-c0b7b352cd30  |t 0 
952 f f |p ric  |a Texas A&M University  |b Rellis Campus  |c Joint Library Facility  |d Remote Storage  |t 0  |e PN1995.9.M86 H5 1981  |h Library of Congress classification  |i unmediated -- volume  |m A14806178044 
998 f f |a PN1995.9.M86 H5 1981  |t 0  |l Remote Storage